• 首页
  • 本馆介绍
  • 公告通知
  • 最新文献
  • 馆藏检索
  • 电子资源
  • 读者荐购
  • 参考咨询
  • CALIS
  • 我的图书馆
  • 登录
  • 详细信息显示
  • 放入我的书架
  • 预约/预借图书
  • 作者相关作品
  • 分类相关作品
  • 丛书相关作品
  • 出版社相关作品

书目信息

  • 表格格式
  • 工作单格式
  • 卡片格式
题名:
清算已毕
    
 
作者: 波伏瓦 著 ;台学青 译
分册:  
出版信息: 深圳   深圳出版社  2025.01
页数: 550页
开本: 21cm
丛书名:
单 册:
中图分类: K835.655.6=535
科图分类:
主题词:
电子资源:
ISBN: 978-7-5507-4161-4
 
 
 
 
 
000 00991nam0 2200253 450
001 013407518
005 20251023101355.98
010    @a978-7-5507-4161-4@dCNY78.00
100    @a20250213d2025 em y0chiy0120 ea
101 1  @achi@cfre
102    @aCN@b440000
105    @ay z 000yd
106    @ar
200 1  @a清算已毕@9qing suan yi bi@e波伏瓦自传@dTout compte fait@f(法)西蒙娜·德·波伏瓦(Simone de Beauvoir)著@g台学青译@zfre
210    @a深圳@c深圳出版社@d2025.01
215    @a550页@d21cm
330    @a本书内容有第一章 我何以成为我、第二章 创造自己、第三章 依然好奇、第四章 探索世界、第五章 交流访学、第六章 国际观察、第七章 时代风云、第八章 别无他求。
510 1  @aTout compte fait@zfre
600  0 @a波伏瓦@c(Beauvoir, Simone de@f1908-1986)@x回忆录
690    @aK835.655.6=535@v5
701  0 @c(法)@a波伏瓦@9bo fu wa@c(Beauvoir, Simone de@f1908-1986)@4著
702  0 @a台学青@9tai xue qing@4译
801  0 @aCN@c20250911
905    @a河南城建学院图书馆@dK835.655.6@eB847@ZB847@f1
    
    清算已毕:波伏瓦自传=Tout compte fait/(法)西蒙娜·德·波伏瓦(Simone de Beauvoir)著/台学青译.-深圳:深圳出版社,2025.01
    550页;21cm
    
    
    ISBN 978-7-5507-4161-4:CNY78.00
    本书内容有第一章 我何以成为我、第二章 创造自己、第三章 依然好奇、第四章 探索世界、第五章 交流访学、第六章 国际观察、第七章 时代风云、第八章 别无他求。
●
相关链接 在E读中查询图书 在当当中查询图书 在豆瓣中查询图书


正题名:清算已毕     索取号:K835.655.6/B847         预约/预借

序号 登录号 条形码 馆藏地/架位号 状态 备注
1 1636335   216363352   社科库309/309社科库 1排4列1层/ [索取号:K835.655.6/B847] 在馆    
河南城建学院图书馆 欢迎您!
大连网信软件有限公司© 版权所有